| 000 | 00618cam a2200169 a 4500 | ||
|---|---|---|---|
| 020 | _a0821339230 | ||
| 082 | 0 | 0 |
_a363.7 _bIMP _cD |
| 245 | 0 | 4 |
_aThe impact of environmental assessment : _ba review of World Bank experience / _cEnvironment Department. |
| 260 |
_aWashington, D.C. : _bWorld Bank, _cc1997. |
||
| 300 |
_axxi, 146 p. : _bill. ; _c28 cm. |
||
| 526 |
_a0 _b0 _c0 _d363_700000000000000_IMP |
||
| 650 | 0 |
_aEconomic development projects _zDeveloping countries. _96796 |
|
| 650 | 0 |
_aEnvironmental impact analysis _zDeveloping countries. _938115 |
|
| 650 | 0 |
_aMCE _9379 |
|
| 710 | 2 |
_aWorld Bank. _94999 |
|
| 942 |
_2ddc _cBK |
||
| 999 |
_c542781 _d542781 |
||